000
00197 a2200097 4500
001
12259
100
_a
Altaf Gohar
245
_a
Gohar Gozisht
260
_a
_b
sang-e- Meel
_c
090
_c
9509
_d
9509
942
_a
NUST-CAE
_c
M
_c
36388
999
_c
247332
_d
247332